• 首页
  • 本馆介绍
  • 公告通知
  • 最新文献
  • 馆藏检索
  • 电子资源
  • 读者导购
  • 参考咨询
  • 我的图书馆
  • 登录
  • 详细信息显示
  • 放入我的书架
  • 预约/预借图书
  • 作者相关作品
  • 分类相关作品
  • 丛书相关作品
  • 出版社相关作品

书目信息

  • 表格格式
  • 工作单格式
  • 卡片格式
题名:
天津河北玩全攻略
    
 
作者: 《天津河北玩全攻略》编辑部编著
分册:  
出版信息: 桂林   广西师范大学出版社  2013
页数: 263页
开本: 22cm
丛书名:
单 册:
中图分类: K928.921 , K928.922
科图分类:
主题词: 旅游指南--天津 , 旅游指南--河北
电子资源:
ISBN: 978-7-5495-3347-3
000 00895nam0 2200253 450
001 337951
005 20150601085056.25
010    @a978-7-5495-3347-3@dCNY48.00
100    @a20130508d2013 em y0chiy50 ea
101 0  @achi
102    @aCN@b450000
105    @aa z 001yy
106    @ar
200 1  @a天津河北玩全攻略@Atian jin he bei wan quan gong lue@f《天津河北玩全攻略》编辑部编著
210    @a桂林@c广西师范大学出版社@d2013
215    @a263页@c彩图@d22cm
300    @a玩全攻略 WQ059 2013-2014最新全彩版
330    @a本书涵盖天津古文化街、小白楼、摩天轮、隆兴寺、柏林禅寺、赵州桥、古莲花池、保定直隶总督署、鸡鸣山、定州塔、清西陵、山海关、北戴河、白洋淀、清东陵、邯郸赵王城遗址等热门地区, 绝对好景不错过。
606 0  @a旅游指南@y天津
606 0  @a旅游指南@y河北
690    @aK928.921@v5
690    @aK928.922@v5
801  0 @aCN@b卓展宏图@c20150525
905    @dK928.921@e794@f4
    
    天津河北玩全攻略/《天津河北玩全攻略》编辑部编著.-桂林:广西师范大学出版社,2013
    263页:彩图;22cm
    玩全攻略 WQ059 2013-2014最新全彩版
    
    ISBN 978-7-5495-3347-3:CNY48.00
    本书涵盖天津古文化街、小白楼、摩天轮、隆兴寺、柏林禅寺、赵州桥、古莲花池、保定直隶总督署、鸡鸣山、定州塔、清西陵、山海关、北戴河、白洋淀、清东陵、邯郸赵王城遗址等热门地区, 绝对好景不错过。
●
相关链接 在E读中查询图书 在五车中查询图书 在当当中查询图书 在豆瓣中查询图书


正题名:天津河北玩全攻略     索取号:K928.921/794         预约/预借

序号 登录号 条形码 馆藏地/架位号 状态 备注
1 856824   208568245   第二样本阅览室/ [索取号:K928.921/794] 在馆    
2 856825   208568254   第二借阅区/ [索取号:K928.921/794] 在馆    
3 856826   208568263   密集书库-资源管理系/ [索取号:K928.921/794] 在馆    
4 856827   208568272   第二借阅区/ [索取号:K928.921/794] 在馆    
唐山师范学院图书馆 欢迎您!
大连网信软件有限公司© 版权所有